UM Logo

Personnel administration in the government/ (Record no. 15725)

MARC details
000 -LEADER
fixed length control field 00603nam a22001817a 4500
008 - FIXED-LENGTH DATA ELEMENTS--GENERAL INFORMATION
fixed length control field 201112b ||||| |||| 00| 0 eng d
020 ## - INTERNATIONAL STANDARD BOOK NUMBER
International Standard Book Number 9-71085789-4 (pbk)
082 ## - DEWEY DECIMAL CLASSIFICATION NUMBER
Edition number 1995
Classification number DFil 351.1
Item number L57
100 ## - MAIN ENTRY--PERSONAL NAME
Personal name Leveriza, Jose P.
9 (RLIN) 34982
245 ## - TITLE STATEMENT
Title Personnel administration in the government/
Statement of responsibility, etc. Jose P. Leveriza
250 ## - EDITION STATEMENT
Edition statement 2nd ed.
260 ## - PUBLICATION, DISTRIBUTION, ETC. (IMPRINT)
Place of publication, distribution, etc. Mandaluyong City:
Name of publisher, distributor, etc. National Book Store,
Date of publication, distribution, etc. ©1995.
300 ## - PHYSICAL DESCRIPTION
Extent xiii, 243 pages;
Dimensions 23 cm.
500 ## - GENERAL NOTE
General note Includes index.<br/>
650 ## - SUBJECT ADDED ENTRY--TOPICAL TERM
Topical term or geographic name as entry element Personnel management.
9 (RLIN) 42537
650 ## - SUBJECT ADDED ENTRY--TOPICAL TERM
Topical term or geographic name as entry element Civil service -- Personnel management.
9 (RLIN) 42538
942 ## - ADDED ENTRY ELEMENTS (KOHA)
Source of classification or shelving scheme Dewey Decimal Classification
Koha item type Filipiniana
Holdings
Withdrawn status Lost status Source of classification or shelving scheme Damaged status Not for loan Collection code Home library Current library Date acquired Source of acquisition Total Checkouts Full call number Barcode Date last seen Price effective from Koha item type
    Dewey Decimal Classification     Filipiniana UM Digos College - LIC UM Digos College - LIC 11/12/2020 Purchased   DFil 351.1 L57 1995 12575 05/15/2025 11/12/2020 Filipiniana